Análisis critico comparativo del cementerio Parque La Quintrala, La Reina /

El yacimiento Parque La Quintrala ha sido objeto de interés de diversos investigadores que lo han citado en sus trabajos con objeto cronológico comparativo. El interés que ha despertado el yacimiento, se basa en un complejo de rasgos que comparten los hallazgos con una serie de otros yacimientos (p....

Full description

Bibliographic Details
Main Author: Thomas, Carlos
Other Authors: Duran M., Alejandro, Benavente, María Antonia
Format: Revista
Language:Spanish
Published: Santiago, Chile Universidad de Chile 1980
Subjects:

MARC

LEADER 00000cas a2200000 a 4500
001 039663
003 UAHC_CL
005 20170803124402.0
008 140120s1980 cl 000 spa
040 |a UAHC_CL  |c UAHC_CL  |d UAHC_CL 
100 1 |a Thomas, Carlos 
245 1 0 |a Análisis critico comparativo del cementerio Parque La Quintrala, La Reina /  |c Carlos Thomas W., María Antonia Benavente y Alejandro Durán M. 
260 |b Universidad de Chile  |c 1980  |a Santiago, Chile 
300 |a pp. 41-56 
500 |a En: Revista chilena de antropología. no. 03, 1980 pp. 41-56. ISSN: 0716 3312. 
520 |a El yacimiento Parque La Quintrala ha sido objeto de interés de diversos investigadores que lo han citado en sus trabajos con objeto cronológico comparativo. El interés que ha despertado el yacimiento, se basa en un complejo de rasgos que comparten los hallazgos con una serie de otros yacimientos (p.e. Radio Estación Naval, Chacayes, Cerro Blanco, etc.) y que en conjunto han invitado a utilizar ciertos conceptos como ser, la denominación Molloide, Paleoaraucano, los cuales se habían manejado no sin cierto temor por algunos autores desde el Congreso de Viña del Mar (1964). 
650 4 |a ARQUEOLOGIA  |z CHILE  |z ZONA CENTRAL 
650 4 |a ARQUEOLOGIA  |x INVESTIGACIONES  |z CHILE 
650 4 |a CEMENTERIOS  |x INVESTIGACIONES  |z CHILE 
653 |a ANTROPOLOGIA 
700 1 |a Duran M., Alejandro 
700 1 |a Benavente, María Antonia 
900 |a REV. CHIL. ANTROPOL.-03/80 
942 |c REV 
952 |0 0  |1 0  |4 0  |6 REV___CHIL__ANTROPOL_03_80_000000000000000  |7 0  |8 COMP  |9 75273  |a BC  |b BC  |c COMP  |d 2017-08-03  |l 0  |o REV. CHIL. ANTROPOL.-03/80  |r 2017-08-03 00:00:00  |t 1  |w 2017-08-03  |y REV 
999 |c 39663  |d 39663